[Event "LSS SA-2022-0-00790"]
[Site "LSS email"]
[Date "2022.02.06"]
[Round "?"]
[White "Oliger, Mark"]
[Black "Malmstrom, Jan"]
[Result "1-0"]
[WhiteElo "2004"]
[BlackElo "2000"]
[PlyCount "37"]
[EventDate "2022.01.13"]
[EventType "tourn (corr)"]
[EventRounds "6"]
[EventCountry "GER"]
[SourceTitle "Corr 2024"]
[Source "ChessBase"]
[SourceDate "2023.10.19"]
[SourceVersion "1"]
[SourceVersionDate "2023.10.19"]
[SourceQuality "1"]

1. e4 e5 2. Nf3 Nc6 3. d4 exd4 4. Nxd4 Nf6 5. Nxc6 bxc6 6. e5 Qe7 7. Qe2 Nd5 8. c4 Nb6 9. Nc3 Qe6 10. Qe4 d5 11. exd6 Qxe4+ 12. Nxe4 cxd6 13. Bd2 Be6 14. Rc1 Be7 15. Be2 0-0 16. 0-0 d5 17. cxd5 Bxd5 18. Nc3 Be6 19. Rfe1 1-0

[Event "RA-2022-0-00705"]
[Site "LSS email"]
[Date "2022.02.05"]
[Round "?"]
[White "Malmstrom, Jan"]
[Black "Baltar, Antoni"]
[Result "0-1"]
[WhiteElo "2000"]
[BlackElo "2024"]
[PlyCount "102"]
[EventDate "2022.01.09"]
[EventType "tourn (corr)"]
[EventRounds "6"]
[EventCountry "GER"]
[SourceTitle "Corr 2024"]
[Source "ChessBase"]
[SourceDate "2023.10.19"]
[SourceVersion "1"]
[SourceVersionDate "2023.10.19"]
[SourceQuality "1"]

1. e4 c5 2. Nf3 d6 3. d4 cxd4 4. Nxd4 Nf6 5. Nc3 a6 6. Be3 e5 7. Nb3 Be6 8. Bd3 Be7 9. 0-0 0-0 10. Nd5 Nxd5 11. exd5 Bxd5 12. Bxh7+ Kxh7 13. Qxd5 Qc7 14. c3 Nd7 15. Rad1 f5 16. f3 Rae8 17. Kh1 b5 18. Na1 g5 19. Bf2 Kg7 20. Nc2 f4 21. Nb4 Nf6 22. Qd3 Qb7 23. Qf5 Rh8 24. Qxg5+ Kf7 25. Qf5 Rh5 26. Qc2 a5 27. Nd3 Rh6 28. Bg1 Nh5 29. Bf2 Reh8 30. h3 Ng3+ 31. Bxg3 fxg3 32. Qe2 Bd8 33. Qe4 Qc8 34. Qg4 Bb6 35. Qxc8 Rxc8 36. Rd2 b4 37. cxb4 Rh4 38. bxa5 Bxa5 39. b4 Bb6 40. a4 Rc3 41. Rfd1 Rd4 42. a5 Ba7 43. b5 Bc5 44. b6 Rb3 45. Nc1 Rxd2 46. Rxd2 Rb1 47. Rd1 d5 48. b7 Bf2 49. a6 Kf6 50. Rf1 Kf5 51. Rd1 Ke6 0-1

[Event "RA-2022-0-00705"]
[Site "LSS email"]
[Date "2022.02.05"]
[Round "?"]
[White "Malmstrom, Jan"]
[Black "Nucci, Luciano"]
[Result "1/2-1/2"]
[WhiteElo "2000"]
[BlackElo "2093"]
[PlyCount "54"]
[EventDate "2022.01.09"]
[EventType "tourn (corr)"]
[EventRounds "6"]
[EventCountry "GER"]
[SourceTitle "Corr 2024"]
[Source "ChessBase"]
[SourceDate "2023.10.19"]
[SourceVersion "1"]
[SourceVersionDate "2023.10.19"]
[SourceQuality "1"]

1. d4 d5 2. c4 dxc4 3. e4 Nf6 4. e5 Nd5 5. Bxc4 Nb6 6. Bb3 Nc6 7. Nf3 Bg4 8. Be3 e6 9. 0-0 Be7 10. Nc3 0-0 11. h3 Bxf3 12. Qxf3 Nxd4 13. Qxb7 Nxb3 14. axb3 a5 15. Qe4 Nd5 16. Rfc1 c6 17. Ne2 Nxe3 18. Qxe3 c5 19. Ra4 Rb8 20. Ng3 h6 21. Ne4 Rb4 22. Qc3 Qb8 23. Nxc5 Bxc5 24. Qxc5 Rb5 25. Qc3 Rd8 26. Rxa5 Rxb3 27. Qc7 Rd1+ 1/2-1/2

[Event "RA-2022-0-00703"]
[Site "LSS email"]
[Date "2022.01.15"]
[Round "?"]
[White "Morcin, Tom"]
[Black "Malmstrom, Jan"]
[Result "1-0"]
[WhiteElo "2034"]
[BlackElo "1995"]
[PlyCount "81"]
[EventDate "2022.01.02"]
[EventType "tourn (corr)"]
[EventRounds "6"]
[EventCountry "GER"]
[SourceTitle "Corr 2024"]
[Source "ChessBase"]
[SourceDate "2023.10.19"]
[SourceVersion "1"]
[SourceVersionDate "2023.10.19"]
[SourceQuality "1"]

1. e4 e5 2. Nf3 Nc6 3. Bb5 a6 4. Ba4 Nf6 5. 0-0 Nxe4 6. d4 b5 7. Bb3 d5 8. dxe5 Be6 9. Be3 Be7 10. c3 0-0 11. Nbd2 Nxd2 12. Qxd2 Qd7 13. Rad1 Rad8 14. Bc2 Bf5 15. Rfe1 Bxc2 16. Qxc2 f6 17. exf6 Bxf6 18. Bg5 h6 19. Bxf6 Rxf6 20. b4 Rd6 21. Rd3 Re8 22. Rxe8+ Qxe8 23. g3 a5 24. a3 Ne7 25. bxa5 Nf5 26. Rd2 Rf6 27. Qd3 c6 28. Re2 Qc8 29. Nd4 Nd6 30. Re7 Ne4 31. f3 Qd8 32. Ra7 Ng5 33. a6 Qf8 34. Rb7 Nxf3+ 35. Nxf3 Rxf3 36. Qe2 Rxc3 37. a7 Rxa3 38. Rb8 Rxa7 39. Qe6+ Rf7 40. Rxf8+ Kxf8 41. Qxc6 1-0

[Event "RA-2022-0-00703"]
[Site "LSS email"]
[Date "2022.01.15"]
[Round "?"]
[White "Nowak, Ireneusz"]
[Black "Malmstrom, Jan"]
[Result "1-0"]
[WhiteElo "2042"]
[BlackElo "1995"]
[PlyCount "73"]
[EventDate "2022.01.02"]
[EventType "tourn (corr)"]
[EventRounds "6"]
[EventCountry "GER"]
[SourceTitle "Corr 2024"]
[Source "ChessBase"]
[SourceDate "2023.10.19"]
[SourceVersion "1"]
[SourceVersionDate "2023.10.19"]
[SourceQuality "1"]

1. e4 c5 2. Nf3 d6 3. d4 cxd4 4. Nxd4 Nf6 5. Nc3 a6 6. Bg5 e6 7. f4 Qb6 8. Qd2 Qxb2 9. Rb1 Qa3 10. e5 h6 11. Bh4 dxe5 12. fxe5 g5 13. exf6 gxh4 14. Be2 Nd7 15. Ne4 Qxa2 16. 0-0 Qd5 17. Bf3 Bc5 18. Nxc5 Qxc5 19. Rbe1 Nxf6 20. Qf4 Nd7 21. Qxh4 Qg5 22. Qf2 0-0 23. Re3 Nc5 24. Be2 Kh8 25. Nf3 Qg7 26. Ne5 f5 27. Qf4 Rg8 28. Rg3 Qf6 29. Nf7+ Kh7 30. Rxg8 Kxg8 31. Nxh6+ Kh7 32. Ng4 Qg7 33. Ne5 Nd7 34. Nxd7 Bxd7 35. Rf3 Qa1+ 36. Kf2 Qf6 37. Rh3+ 1-0

[Event "LSS No Engine Cup 222 Preliminary 0"]
[Site "LSS email"]
[Date "2021.10.23"]
[Round "?"]
[White "Malmstrom, Jan"]
[Black "Hoehne, Micha"]
[Result "1/2-1/2"]
[WhiteElo "1478"]
[BlackElo "2093"]
[PlyCount "62"]
[EventDate "2021.10.23"]
[EventType "tourn (corr)"]
[EventRounds "6"]
[EventCountry "GER"]
[SourceTitle "Corr 2024"]
[Source "ChessBase"]
[SourceDate "2023.10.19"]
[SourceVersion "1"]
[SourceVersionDate "2023.10.19"]
[SourceQuality "1"]

1. e4 e5 2. Nf3 Nc6 3. Bc4 Nf6 4. d3 Bc5 5. c3 0-0 6. 0-0 d6 7. a4 a6 8. h3 h6 9. Be3 Bxe3 10. fxe3 Bd7 11. Nbd2 Ne7 12. b4 b5 13. axb5 axb5 14. Bb3 Rxa1 15. Qxa1 Bc6 16. c4 bxc4 17. Bxc4 Qb8 18. Qa5 Bd7 19. b5 Qb7 20. Ra1 Rb8 21. Qa7 Qxa7 22. Rxa7 Ne8 23. Ra5 c6 24. bxc6 Nxc6 25. Ra1 g6 26. d4 exd4 27. exd4 Rb2 28. Rb1 Rxb1+ 29. Nxb1 Kf8 30. Nc3 f5 31. e5 dxe5 1/2-1/2

[Event "RA-2021-0-00687"]
[Site "LSS email"]
[Date "2021.08.26"]
[Round "?"]
[White "Farnik, Kym"]
[Black "Malmstrom, Jan"]
[Result "1/2-1/2"]
[WhiteElo "2137"]
[BlackElo "2002"]
[PlyCount "97"]
[EventDate "2021.07.14"]
[EventType "tourn (corr)"]
[EventRounds "6"]
[EventCountry "GER"]
[SourceTitle "Corr 2024"]
[Source "ChessBase"]
[SourceDate "2023.10.19"]
[SourceVersion "1"]
[SourceVersionDate "2023.10.19"]
[SourceQuality "1"]

1. Nf3 d5 2. d4 Nf6 3. Bf4 c5 4. e3 Nc6 5. Nbd2 e6 6. c3 Be7 7. h3 0-0 8. Bd3 c4 9. Bc2 b5 10. a3 a5 11. 0-0 a4 12. Ne5 Bb7 13. Qf3 Na5 14. Rad1 Ne8 15. Rfe1 Nb3 16. h4 Nxd2 17. Rxd2 f6 18. Qh5 f5 19. Qf3 Bxh4 20. Qh3 Nd6 21. g3 g5 22. gxh4 gxf4 23. exf4 Nf7 24. Nf3 Qf6 25. Rde2 Bc8 26. Ng5 Nd8 27. h5 h6 28. Nf3 Rf7 29. Nh4 Rg7+ 30. Ng6 Bd7 31. Re3 Nf7 32. Rg3 Kh7 33. Kg2 Nd6 34. Kf3 Rag8 35. Ne5 Be8 36. Ke3 Bf7 37. Reg1 Be8 38. Qh2 Qe7 39. Kd2 Qf6 40. Qh1 Qe7 41. Kc1 Qf6 42. Ng4 Qe7 43. Kb1 Qd8 44. Ne5 Qf6 45. Ka2 Ne4 46. Rxg7+ Rxg7 47. Rf1 Qf8 48. Qh3 Qf6 49. Qh2 1/2-1/2

[Event "LSS No Engine Cup 220 Preliminary 0"]
[Site "LSS email"]
[Date "2021.08.26"]
[Round "?"]
[White "Malmstrom, Jan"]
[Black "Harding, Tim"]
[Result "1/2-1/2"]
[WhiteElo "1478"]
[BlackElo "1825"]
[PlyCount "123"]
[EventDate "2021.08.26"]
[EventType "tourn (corr)"]
[EventRounds "6"]
[EventCountry "GER"]
[SourceTitle "Corr 2024"]
[Source "ChessBase"]
[SourceDate "2023.10.19"]
[SourceVersion "1"]
[SourceVersionDate "2023.10.19"]
[SourceQuality "1"]

1. e4 c6 2. d4 d5 3. Nc3 dxe4 4. Nxe4 Nf6 5. Nxf6+ exf6 6. c3 Bd6 7. Bd3 0-0 8. Qc2 Re8+ 9. Ne2 h5 10. 0-0 h4 11. Bd2 Nd7 12. f4 f5 13. Be1 Nf8 14. h3 Ng6 15. Bd2 b5 16. a3 Be6 17. Rae1 Qf6 18. b4 Ne7 19. a4 a6 20. a5 Rad8 21. Nc1 g6 22. Nb3 Bxb3 23. Qxb3 Bb8 24. Kh2 g5 25. Kh1 Bxf4 26. Bxf4 gxf4 27. Rxf4 Nd5 28. Rxe8+ Rxe8 29. Rf1 Qg5 30. Qd1 Nxc3 31. Qc2 Ne4 32. Bxe4 Rxe4 33. Qxc6 Rxd4 34. Qxa6 Rxb4 35. Qc8+ Kh7 36. Qf8 Rb2 37. Qxf7+ Kh6 38. Qe6+ Qg6 39. Qe3+ Qg5 40. Qxg5+ Kxg5 41. Ra1 Rc2 42. Rb1 Rc5 43. a6 Rc6 44. Rxb5 Rxa6 45. Rb3 Ra1+ 46. Kh2 Ra2 47. Rb5 Ra4 48. Rc5 Kf4 49. Rb5 Ke4 50. Rc5 Rd4 51. Ra5 Kf4 52. Ra3 Rd2 53. Ra4+ Kg5 54. Ra5 Re2 55. Rb5 Kf4 56. Rb4+ Re4 57. Rb5 Rd4 58. Ra5 Ke4 59. Ra3 f4 60. Kg1 Rb4 61. Ra2 f3 62. gxf3+ 1/2-1/2

[Event "RA-2021-0-00687"]
[Site "LSS email"]
[Date "2021.08.26"]
[Round "?"]
[White "Malmstrom, Jan"]
[Black "Kazimierski, Tomasz"]
[Result "0-1"]
[WhiteElo "2002"]
[BlackElo "2099"]
[PlyCount "124"]
[EventDate "2021.07.14"]
[EventType "tourn (corr)"]
[EventRounds "6"]
[EventCountry "GER"]
[SourceTitle "Corr 2024"]
[Source "ChessBase"]
[SourceDate "2023.10.19"]
[SourceVersion "1"]
[SourceVersionDate "2023.10.19"]
[SourceQuality "1"]

1. e4 c5 2. Nf3 d6 3. d4 cxd4 4. Nxd4 Nc6 5. c4 Nf6 6. Nc3 g6 7. Be2 Nxd4 8. Qxd4 Bg7 9. Be3 0-0 10. Qd2 a5 11. 0-0 a4 12. Bd4 Qa5 13. b4 axb3 14. axb3 Qxa1 15. Rxa1 Rxa1+ 16. Bf1 e5 17. Be3 Be6 18. f3 Rc8 19. Qb2 Raa8 20. g4 h5 21. g5 Nd7 22. Bd3 Bf8 23. h4 Be7 24. Kg2 Bd8 25. Nb5 Rc6 26. Nc3 Kh7 27. Be2 Nc5 28. Kg3 Rca6 29. Bxc5 dxc5 30. Na4 Be7 31. Nc3 Ra1 32. Kh2 R8a3 33. Kg3 Rg1+ 34. Kf2 Raa1 35. Nb5 Bf8 36. Nc7 Rgb1 37. Qc2 Bg7 38. Ne8 Rc1 39. Qd2 Rh1 40. Ke3 Rab1 41. Qd3 Rhg1 42. Nxg7 Kxg7 43. Qc3 Rg2 44. Bd3 Rbb2 45. Qxe5+ Kh7 46. Qc3 b6 47. Kf4 b5 48. Qe1 Rxb3 49. Qd1 bxc4 50. Qf1 Rh2 51. Bxc4 Rxh4+ 52. Kg3 Rh3+ 53. Qxh3 Rxf3+ 54. Kxf3 Bxh3 55. Bxf7 Kg7 56. Bd5 Kf8 57. Ke3 Ke7 58. e5 h4 59. Kf3 Be6 60. Be4 Bf7 61. Kg4 Ke6 62. Kxh4 Kxe5 0-1

[Event "RA-2021-0-00687"]
[Site "LSS email"]
[Date "2021.08.26"]
[Round "?"]
[White "Pilgram, Kurt"]
[Black "Malmstrom, Jan"]
[Result "1/2-1/2"]
[WhiteElo "2198"]
[BlackElo "2002"]
[PlyCount "79"]
[EventDate "2021.07.14"]
[EventType "tourn (corr)"]
[EventRounds "6"]
[EventCountry "GER"]
[SourceTitle "Corr 2024"]
[Source "ChessBase"]
[SourceDate "2023.10.19"]
[SourceVersion "1"]
[SourceVersionDate "2023.10.19"]
[SourceQuality "1"]

1. d4 Nf6 2. c4 e6 3. Nf3 b6 4. g3 Be7 5. Bg2 0-0 6. 0-0 Bb7 7. Nc3 d5 8. Ne5 Nbd7 9. Bf4 c5 10. dxc5 Nxc5 11. Rc1 Rc8 12. Nb5 a5 13. b3 Re8 14. Na7 Rc7 15. Nb5 Rc8 16. Qc2 Bf8 17. Rfd1 Qe7 18. Qb1 Red8 19. a4 g6 20. Be3 Bg7 21. b4 axb4 22. Qxb4 Ba8 23. Bd4 h5 24. h4 Ne8 25. Kh2 Nf6 26. Kg1 Ne8 27. Kh2 Nf6 28. cxd5 Bxd5 29. a5 Bxg2 30. axb6 Ba8 31. Nc7 Nfe4 32. Bxc5 Nxc5 33. Qxc5 Qxc5 34. Rxd8+ Rxd8 35. Rxc5 Bb7 36. Nb5 Rd1 37. f3 Bxe5 38. Rxe5 Rb1 39. Kg2 Kg7 40. Kf2 1/2-1/2

[Event "RA-2021-0-00686"]
[Site "LSS email"]
[Date "2021.08.16"]
[Round "?"]
[White "Sundqvist, Christer"]
[Black "Malmstrom, Jan"]
[Result "1/2-1/2"]
[WhiteElo "2167"]
[BlackElo "1986"]
[PlyCount "111"]
[EventDate "2021.07.05"]
[EventType "tourn (corr)"]
[EventRounds "6"]
[EventCountry "GER"]
[SourceTitle "Corr 2024"]
[Source "ChessBase"]
[SourceDate "2023.10.19"]
[SourceVersion "1"]
[SourceVersionDate "2023.10.19"]
[SourceQuality "1"]

1. e4 c5 2. Nf3 e6 3. d4 cxd4 4. Nxd4 Nf6 5. Nc3 d6 6. g4 h6 7. h4 Nc6 8. Rg1 d5 9. exd5 Nxd5 10. Nxd5 Qxd5 11. Bg2 Qc4 12. Nxc6 bxc6 13. Be3 Ba6 14. c3 Rd8 15. Qc2 Qb5 16. Rd1 Be7 17. Rxd8+ Bxd8 18. Bf3 0-0 19. g5 hxg5 20. hxg5 f5 21. gxf6 Bxf6 22. a4 Qc4 23. Be2 Qxe2+ 24. Qxe2 Bxe2 25. Kxe2 Rb8 26. Rb1 a6 27. Kd3 Be7 28. b4 Kf7 29. Rh1 e5 30. Kc4 Bd6 31. Rd1 Ke6 32. Bc5 Bc7 33. Be3 Bd6 34. Rg1 Kf6 35. Rg4 Rd8 36. Bc5 Bb8 37. Bb6 Rc8 38. a5 Rg8 39. Kc5 Rc8 40. Rg1 Kf7 41. Kc4 Kf6 42. Be3 Bd6 43. Rd1 Ke6 44. Rh1 Rf8 45. Rg1 Rf7 46. Rg6+ Kd7 47. Kd3 Be7 48. Rg1 Bf6 49. Ke4 Ke6 50. c4 Rb7 51. Rb1 Kd7 52. Bc5 Kc8 53. Kf5 Rd7 54. Ke6 Rd2 55. Re1 Rd8 56. Re4 1/2-1/2

[Event "RA-2021-0-00686"]
[Site "LSS email"]
[Date "2021.08.15"]
[Round "?"]
[White "Malmstrom, Jan"]
[Black "Kirch, Bernhard"]
[Result "0-1"]
[WhiteElo "1986"]
[BlackElo "2084"]
[PlyCount "102"]
[EventDate "2021.07.05"]
[EventType "tourn (corr)"]
[EventRounds "6"]
[EventCountry "GER"]
[SourceTitle "Corr 2024"]
[Source "ChessBase"]
[SourceDate "2023.10.19"]
[SourceVersion "1"]
[SourceVersionDate "2023.10.19"]
[SourceQuality "1"]

1. e4 c5 2. Nf3 Nc6 3. Bb5 g6 4. Bxc6 dxc6 5. h3 e5 6. Nc3 f6 7. d3 Nh6 8. Be3 Nf7 9. Qd2 Be6 10. a4 Bd6 11. 0-0-0 Qa5 12. b3 0-0 13. Kb2 Rfb8 14. Qe2 b5 15. Ra1 Qd8 16. Nd2 f5 17. f3 f4 18. Bf2 Bf8 19. g4 fxg3 20. Bxg3 c4 21. dxc4 bxc4 22. Nxc4 Qd4 23. Nd2 Bb4 24. Ndb1 Nd6 25. Be1 Nc4+ 26. Kc1 Na5 27. Bf2 Qd6 28. Rd1 Qf8 29. Ra2 Rb7 30. Rb2 Rab8 31. h4 Bc4 32. Qe3 Be7 33. Rd2 Bf7 34. Nd1 c5 35. Qc3 Nc6 36. Ne3 Nd4 37. Bg3 Be6 38. Bxe5 Qxf3 39. Bxb8 Rxb8 40. Qd3 Bxh4 41. Nc3 Bg5 42. Ncd1 Qh1 43. Kb1 Nf3 44. Rf2 Bxe3 45. Rxf3 Qxf3 46. Nxe3 Re8 47. Qb5 Bf7 48. Nc4 Qf1+ 49. Ka2 Rxe4 50. Qxc5 Bxc4 51. bxc4 Qxc4+ 0-1

[Event "RA-2021-0-00686"]
[Site "LSS email"]
[Date "2021.08.15"]
[Round "?"]
[White "Malmstrom, Jan"]
[Black "Morcin, Tom"]
[Result "1/2-1/2"]
[WhiteElo "1986"]
[BlackElo "2058"]
[PlyCount "55"]
[EventDate "2021.07.05"]
[EventType "tourn (corr)"]
[EventRounds "6"]
[EventCountry "GER"]
[SourceTitle "Corr 2024"]
[Source "ChessBase"]
[SourceDate "2023.10.19"]
[SourceVersion "1"]
[SourceVersionDate "2023.10.19"]
[SourceQuality "1"]

1. e4 e5 2. Nf3 Nc6 3. d4 exd4 4. Nxd4 Nf6 5. Nxc6 bxc6 6. e5 Qe7 7. Qe2 Nd5 8. c4 Nb6 9. Nc3 Qe6 10. Qe4 d5 11. exd6 Qxe4+ 12. Nxe4 cxd6 13. Be2 Be6 14. b3 d5 15. cxd5 Bxd5 16. f3 f5 17. Nc3 Bb4 18. Bb2 Be6 19. 0-0 Kf7 20. Rac1 Rhd8 21. Rfd1 a5 22. Rxd8 Rxd8 23. Rd1 Rxd1+ 24. Bxd1 Ke8 25. Kf2 g6 26. g3 Bc5+ 27. Ke2 Kd7 28. Bc1 1/2-1/2

[Event "RA-2021-0-00686"]
[Site "LSS email"]
[Date "2021.08.15"]
[Round "?"]
[White "Malmstrom, Jan"]
[Black "Nowak, Ireneusz"]
[Result "0-1"]
[WhiteElo "1986"]
[BlackElo "2068"]
[PlyCount "110"]
[EventDate "2021.07.05"]
[EventType "tourn (corr)"]
[EventRounds "6"]
[EventCountry "GER"]
[SourceTitle "Corr 2024"]
[Source "ChessBase"]
[SourceDate "2023.10.19"]
[SourceVersion "1"]
[SourceVersionDate "2023.10.19"]
[SourceQuality "1"]

1. e4 c5 2. Nf3 d6 3. d4 cxd4 4. Nxd4 Nf6 5. Nc3 a6 6. Be3 e5 7. Nb3 Be6 8. f3 Be7 9. Qd2 0-0 10. 0-0-0 Nbd7 11. g4 b5 12. a3 Nb6 13. g5 Nh5 14. Na5 Qc7 15. h4 g6 16. Kb1 Rab8 17. Nd5 Bxd5 18. exd5 Nxd5 19. Qxd5 Qxa5 20. Bc4 Qc7 21. Bb3 Qb7 22. Rhe1 Qxd5 23. Bxd5 Kh8 24. f4 f6 25. fxe5 dxe5 26. Bg2 Rfd8 27. Rxd8+ Rxd8 28. c3 Rd7 29. Kc2 Nf4 30. Bc6 Rc7 31. Bf3 h5 32. gxh6 Kh7 33. Rd1 Bc5 34. Bxf4 exf4 35. Rd8 Rf7 36. Ra8 Bf2 37. Rxa6 Bxh4 38. Bd5 Re7 39. Re6 Ra7 40. Bc6 Kxh6 41. Bxb5 f3 42. a4 f2 43. Ra6 Re7 44. a5 Bg5 45. Ra8 Be3 46. a6 f5 47. Rh8+ Kg5 48. b4 Ba7 49. Bd3 f4 50. c4 f3 51. Kd2 Rd7 52. Rh1 Kf4 53. c5 g5 54. c6 Rf7 55. Rc1 Be3+ 0-1

[Event "LSS SA-2021-0-00762"]
[Site "LSS email"]
[Date "2021.06.21"]
[Round "?"]
[White "Cleto Junior, Dirceu"]
[Black "Malmstrom, Jan"]
[Result "1/2-1/2"]
[WhiteElo "2081"]
[BlackElo "1987"]
[PlyCount "61"]
[EventDate "2021.05.23"]
[EventType "tourn (corr)"]
[EventRounds "6"]
[EventCountry "GER"]
[SourceTitle "Corr 2024"]
[Source "ChessBase"]
[SourceDate "2023.10.19"]
[SourceVersion "1"]
[SourceVersionDate "2023.10.19"]
[SourceQuality "1"]

1. d4 Nf6 2. c4 g6 3. Nc3 Bg7 4. e4 d6 5. Nf3 0-0 6. Be2 e5 7. 0-0 Na6 8. Re1 Bg4 9. Be3 Bxf3 10. Bxf3 exd4 11. Bxd4 Re8 12. g3 c6 13. Bg2 Nc7 14. f4 Ne6 15. Be3 Qa5 16. Rb1 Rad8 17. b4 Qc7 18. Rc1 a5 19. a3 axb4 20. axb4 h5 21. Kh1 Ng4 22. Bg1 Nh6 23. Nd5 Qd7 24. Bh3 h4 25. Bb6 cxd5 26. cxd5 Qb5 27. Bxd8 Nxd8 28. Qd2 hxg3 29. hxg3 f5 30. exf5 gxf5 31. Rxe8+ 1/2-1/2

[Event "LSS SA-2021-0-00762"]
[Site "LSS email"]
[Date "2021.06.21"]
[Round "?"]
[White "Nucci, Luciano"]
[Black "Malmstrom, Jan"]
[Result "1-0"]
[WhiteElo "2078"]
[BlackElo "1987"]
[PlyCount "121"]
[EventDate "2021.05.23"]
[EventType "tourn (corr)"]
[EventRounds "6"]
[EventCountry "GER"]
[SourceTitle "Corr 2024"]
[Source "ChessBase"]
[SourceDate "2023.10.19"]
[SourceVersion "1"]
[SourceVersionDate "2023.10.19"]
[SourceQuality "1"]

1. d4 Nf6 2. c4 e6 3. g3 d5 4. Nf3 Be7 5. Bg2 0-0 6. 0-0 dxc4 7. Qc2 b5 8. a4 b4 9. Nfd2 c6 10. Nxc4 Qxd4 11. Rd1 Qc5 12. Be3 Qh5 13. Nbd2 Ng4 14. Nf3 Nxe3 15. Nxe3 a5 16. Nd4 Ba6 17. Rac1 Rc8 18. Bf3 Qg6 19. Be4 Qh5 20. f4 Ra7 21. Kg2 Rac7 22. h4 c5 23. Nb5 Rd7 24. Rxd7 Nxd7 25. Nc4 Nf6 26. Bf3 Qg6 27. Qxg6 hxg6 28. Nxa5 Nd5 29. Nc4 Rb8 30. e4 Bxb5 31. axb5 Nc7 32. Ne5 Rxb5 33. Rd1 Bf6 34. Nc6 Bxb2 35. Rd8+ Kh7 36. Rc8 Na6 37. Be2 Rb6 38. Nd8 Rb8 39. Bxa6 Rxc8 40. Bxc8 Kg8 41. Nc6 Bc3 42. Na5 Kf8 43. Ba6 Ke7 44. Kf3 f6 45. Bb5 Kd6 46. Bc4 Kd7 47. Bb3 Bd4 48. Nc4 Ke7 49. e5 Ba1 50. Bc2 Kf7 51. Na5 Bc3 52. Nb7 c4 53. Nd6+ Ke7 54. Nxc4 Be1 55. Bb3 Bc3 56. g4 Bd4 57. exf6+ gxf6 58. h5 gxh5 59. gxh5 Kf8 60. Nd6 Kg7 61. Bxe6 1-0

[Event "LSS SA-2021-0-00761"]
[Site "LSS email"]
[Date "2021.06.16"]
[Round "?"]
[White "Malmstrom, Jan"]
[Black "Csernus, Robert"]
[Result "1/2-1/2"]
[WhiteElo "1976"]
[BlackElo "2033"]
[PlyCount "64"]
[EventDate "2021.05.09"]
[EventType "tourn (corr)"]
[EventRounds "6"]
[EventCountry "GER"]
[SourceTitle "Corr 2024"]
[Source "ChessBase"]
[SourceDate "2023.10.19"]
[SourceVersion "1"]
[SourceVersionDate "2023.10.19"]
[SourceQuality "1"]

1. e4 d6 2. d4 Nf6 3. Nc3 g6 4. f4 Bg7 5. Nf3 0-0 6. Bd3 Nc6 7. h3 e5 8. dxe5 dxe5 9. 0-0 exf4 10. Bxf4 Be6 11. Kh1 Nd7 12. Qe1 Nce5 13. Qg3 Nxd3 14. cxd3 Nf6 15. Qe1 Qxd3 16. Bxc7 Qc4 17. Be5 Nh5 18. Bxg7 Kxg7 19. Kh2 Rac8 20. Rd1 Rfd8 21. Qe3 Rxd1 22. Rxd1 Qc5 23. Qxc5 Rxc5 24. g4 Nf6 25. Kg3 Nd7 26. Nd4 Kf6 27. h4 h5 28. g5+ Ke7 29. Rd2 Nb6 30. Kf4 a5 31. a4 Rc4 32. Nb3 Rb4 1/2-1/2

[Event "LSS SA-2021-0-00761"]
[Site "LSS email"]
[Date "2021.06.15"]
[Round "?"]
[White "Turoczi, Peter"]
[Black "Malmstrom, Jan"]
[Result "1/2-1/2"]
[WhiteElo "2033"]
[BlackElo "1976"]
[PlyCount "35"]
[EventDate "2021.05.09"]
[EventType "tourn (corr)"]
[EventRounds "6"]
[EventCountry "GER"]
[SourceTitle "Corr 2024"]
[Source "ChessBase"]
[SourceDate "2023.10.19"]
[SourceVersion "1"]
[SourceVersionDate "2023.10.19"]
[SourceQuality "1"]

1. e4 e5 2. Nf3 Nc6 3. Bc4 Bc5 4. c3 Nf6 5. d3 d6 6. 0-0 a5 7. h3 0-0 8. Nbd2 Be6 9. Re1 h6 10. Bb5 Bb6 11. a4 Ne7 12. Bc4 Bd7 13. Bb3 c5 14. Nf1 Ng6 15. Ng3 Be6 16. Bxe6 fxe6 17. Be3 d5 18. Ra3 1/2-1/2

[Event "LSS No Engine Cup 218 Preliminary 0"]
[Site "LSS email"]
[Date "2021.06.07"]
[Round "?"]
[White "Malmstrom, Jan"]
[Black "Mueller Toepler, Michael"]
[Result "0-1"]
[WhiteElo "1495"]
[BlackElo "2012"]
[PlyCount "42"]
[EventDate "2021.06.07"]
[EventType "tourn (corr)"]
[EventRounds "6"]
[EventCountry "GER"]
[SourceTitle "Corr 2024"]
[Source "ChessBase"]
[SourceDate "2023.10.19"]
[SourceVersion "1"]
[SourceVersionDate "2023.10.19"]
[SourceQuality "1"]

1. e4 e5 2. Nf3 Nc6 3. Bc4 Nf6 4. d3 Be7 5. 0-0 0-0 6. Re1 d6 7. d4 Bg4 8. c3 Bxf3 9. gxf3 exd4 10. cxd4 d5 11. exd5 Nxd5 12. Be3 Re8 13. Nc3 Nxe3 14. fxe3 Bh4 15. Re2 Rxe3 16. Rxe3 Qg5+ 17. Kh1 Qxe3 18. Qe2 Qxe2 19. Nxe2 Rd8 20. Rd1 Bf6 21. d5 Ne5 0-1

[Event "LSS No Engine Cup 218 Preliminary 0"]
[Site "LSS email"]
[Date "2021.06.07"]
[Round "?"]
[White "Malmstrom, Jan"]
[Black "Wuttke, Bodo"]
[Result "0-1"]
[WhiteElo "1495"]
[BlackElo "2117"]
[PlyCount "66"]
[EventDate "2021.06.07"]
[EventType "tourn (corr)"]
[EventRounds "6"]
[EventCountry "GER"]
[SourceTitle "Corr 2024"]
[Source "ChessBase"]
[SourceDate "2023.10.19"]
[SourceVersion "1"]
[SourceVersionDate "2023.10.19"]
[SourceQuality "1"]

1. e4 e6 2. d4 d5 3. Nc3 Nf6 4. e5 Nfd7 5. f4 c5 6. Nf3 Nc6 7. Be3 cxd4 8. Nxd4 Qb6 9. Qd2 Qxb2 10. Rb1 Qa3 11. Bb5 Nxd4 12. Bxd4 a6 13. Bxd7+ Bxd7 14. Rb3 Qe7 15. Rxb7 Qd8 16. 0-0 Rb8 17. Rxb8 Qxb8 18. f5 Qc7 19. Ne2 exf5 20. Nf4 Bc5 21. c3 Be6 22. Kh1 0-0 23. Rc1 Rb8 24. h3 Be7 25. g3 Ba3 26. Rd1 Rb2 27. Qd3 Qb7 28. Rd2 Rb1+ 29. Rd1 Rb5 30. Rg1 a5 31. g4 fxg4 32. hxg4 Bc8 33. g5 Rb2 0-1

[Event "LSS No Engine Cup 218 Preliminary 0"]
[Site "LSS email"]
[Date "2021.06.07"]
[Round "?"]
[White "Townsend, John"]
[Black "Malmstrom, Jan"]
[Result "1/2-1/2"]
[WhiteElo "1764"]
[BlackElo "1495"]
[PlyCount "95"]
[EventDate "2021.06.07"]
[EventType "tourn (corr)"]
[EventRounds "6"]
[EventCountry "GER"]
[SourceTitle "Corr 2024"]
[Source "ChessBase"]
[SourceDate "2023.10.19"]
[SourceVersion "1"]
[SourceVersionDate "2023.10.19"]
[SourceQuality "1"]

1. e4 e5 2. Nf3 Nc6 3. Bc4 Bc5 4. c3 Nf6 5. d4 exd4 6. e5 d5 7. Bb5 Ne4 8. cxd4 Bb6 9. Nc3 Bg4 10. Be3 0-0 11. 0-0 f6 12. exf6 Nxf6 13. Be2 Qd6 14. h3 Bh5 15. a3 Rae8 16. Rc1 a6 17. Na4 Ba7 18. Nc5 Bxc5 19. dxc5 Qd7 20. Nd4 Bxe2 21. Nxe2 h6 22. Qc2 Ne5 23. b3 c6 24. Rfd1 Qe7 25. Ng3 Qf7 26. Bd4 Qg6 27. Qxg6 Nxg6 28. Re1 Rxe1+ 29. Rxe1 Re8 30. Rxe8+ Nxe8 31. Nh5 Nf8 32. b4 Ne6 33. Be5 Kf7 34. Kf1 g6 35. Ng3 N8c7 36. Ne2 h5 37. Ke1 Nb5 38. Bb2 a5 39. Kd2 axb4 40. axb4 Ke7 41. Ke3 Kd7 42. f4 Ke7 43. g4 hxg4 44. hxg4 Nbc7 45. f5 gxf5 46. gxf5 Ng5 47. Ng3 Ne8 48. Bd4 1/2-1/2